000 00268nam a2200109Ia 4500
008 220204s9999 xx 000 0 und d
082 _a82-3MB
_bFAR
100 _aFarnes, Eleanor
245 4 _aThe Amaranth flower
260 _aLondon
_bMills and Boon
_c1979
942 _cBK
999 _c32422
_d32422